សារពើភ័ណ្ឌ និង ការវាស់វែងព្រៃឈើ Practical guidelines on forest inventory and measurement (Record no. 9179)

000 -LEADER
fixed length control field 00407nam a22001217a 4500
040 ## - CATALOGING SOURCE
Transcribing agency HS
082 ## - DEWEY DECIMAL CLASSIFICATION NUMBER
Classification number 634
100 ## - MAIN ENTRY--AUTHOR NAME
Personal name អ៊ុក ស៊ីផាន
245 ## - TITLE STATEMENT
Title សារពើភ័ណ្ឌ និង ការវាស់វែងព្រៃឈើ Practical guidelines on forest inventory and measurement
260 ## - PUBLICATION, DISTRIBUTION, ETC. (IMPRINT)
Place of publication Cambodia
Name of publisher អ៊ុក ស៊ីផាន
Year of publication 2004
300 ## - PHYSICAL DESCRIPTION
Number of Pages 97p;
942 ## - ADDED ENTRY ELEMENTS (KOHA)
Koha item type សៀវភៅភាសាខ្មែរ
952 ## - LOCATION AND ITEM INFORMATION (KOHA)
Withdrawn status [LOCAL, KOHA] 0
Holdings
Permanent Location Date acquired Koha item type Lost status Shelving location Barcode Current Location Full call number
Library Block C2016-08-25សៀវភៅភាសាខ្មែរ C250RUA043029Library Block C634 អ៊ិក 2004 C250
មជ្ឈមណ្ឌលឯការនៃសាកលវិទ្យាល័យភូមិន្ទកសិកម្មចំការដូង

Powered by Koha